00314nam a2200133Ia 4500008004100000100001500041245003100056245001400087260002400101260000900125300001200134440002400146650001000170190717s9999 xx 000 0 und d aMusni, Pam aMaking makers great again/ cPam Musni bThe Philippine Star c2018 aJune 20 aThe Philippine Star aMusic